Islam. (Record no. 2958)
[ view plain ]
| 000 -LEADER | |
|---|---|
| fixed length control field | 00652nac a22002171u 4500 |
| 010 ## - LIBRARY OF CONGRESS CONTROL NUMBER | |
| LC control number | 66013499 |
| 082 00 - DEWEY DECIMAL CLASSIFICATION NUMBER | |
| Classification number | 297 |
| Item number | F298 |
| 090 ## - LOCALLY ASSIGNED LC-TYPE CALL NUMBER (OCLC); LOCAL CALL NUMBER (OCLC) | |
| -- | 2958 |
| -- | 2958 |
| 100 ## - MAIN ENTRY--PERSONAL NAME | |
| Personal name | Rahman, Fazlur, |
| 245 10 - TITLE STATEMENT | |
| Title | Islam. |
| 250 ## - EDITION STATEMENT | |
| Edition statement | [1st ed.] |
| 260 ## - PUBLICATION, DISTRIBUTION, ETC. (IMPRINT) | |
| Place of publication, distribution, etc | New York, |
| Name of publisher, distributor, etc | Anchor Books, |
| Date of publication, distribution, etc | [c1966] |
| 300 ## - PHYSICAL DESCRIPTION | |
| Extent | xi, 271 p. |
| Other physical details | illus. |
| Dimensions | 25 cm. |
| 490 0# - Series Statement | |
| Series statement | History of religion series |
| 500 ## - GENERAL NOTE | |
| General note | Donations. |
| 500 ## - GENERAL NOTE | |
| General note | Donations - Dr. Mostafa Gouda. |
| 504 ## - BIBLIOGRAPHY, ETC. NOTE | |
| Bibliography, etc | Bibliography: p. 261-265. |
| 650 #0 - SUBJECT ADDED ENTRY--TOPICAL TERM | |
| Topical term or geographic name as entry element | Islam. |
| 942 ## - ADDED ENTRY ELEMENTS (KOHA) | |
| Item type | Book - Borrowing |
| Call number prefix | 297F298 |
| Withdrawn status | Item status | Damaged status | Not for loan | Home library | Current library | Shelving location | Date acquired | Source of acquisition | Total Checkouts | Full call number | Barcode | Date last seen | Koha item type |
|---|---|---|---|---|---|---|---|---|---|---|---|---|---|
| Central Library | Central Library | Lower Floor | 07/03/2013 | Purchase | 297 RAH | 000001209 | 15/07/2025 | Book - Borrowing |